[Event "Frankfurt Ch 2007"]
[Site "Ffm-Kalbach, LAZ"]
[Date "2007.04.30"]
[Round "1.30"]
[White "Jordake, Michael"]
[Black "Von Auer, Ulrich"]
[Result "0-1"]
[WhiteElo "1612"]
[BlackElo "2130"]
[PlyCount "86"]
[EventDate "2007.??.??"]

1. e4 e6 2. d4 d5 3. Nc3 Bb4 4. e5 Ne7 5. Nf3 c5 6. a3 Bxc3+ 7. bxc3 Bd7 8. Bd3
Ba4 9. O-O Qc7 10. Rb1 Nd7 11. Re1 h6 12. Bd2 Nb6 13. Qc1 c4 14. Bf1 O-O-O 15.
g3 g5 16. Bh3 Rdg8 17. g4 Ng6 18. Kh1 Qe7 19. Rb4 Rg7 20. Rg1 Rhg8 21. Ne1 f6
22. Nf3 fxe5 23. dxe5 Rf7 24. Rg3 Rgf8 25. Bg2 Nh4 26. Be3 Nxf3 27. Bxb6 axb6
28. Rxa4 Nxe5 29. Qe3 Qd6 30. Ra8+ Kc7 31. Rxf8 Rxf8 32. h3 Ra8 33. f4 Ng6 34.
fxg5 hxg5 35. Rf3 Nf4 36. Qc1 e5 37. Qb2 Qxa3 38. Qb5 Qc5 39. Qb1 e4 40. Rf1
Qe3 41. Qb5 Qg3 42. Bxe4 Qxh3+ 43. Kg1 Qg3+ 0-1

[Event "Frankfurt Ch 2007"]
[Site "Ffm-Kalbach, LAZ"]
[Date "2007.04.30"]
[Round "1.31"]
[White "Behnick, Eckhard"]
[Black "Milde, Dieter"]
[Result "1-0"]
[WhiteElo "2169"]
[BlackElo "1602"]
[PlyCount "108"]
[EventDate "2007.??.??"]

1. d4 Nf6 2. c4 e5 3. dxe5 Ng4 4. Nf3 Bc5 5. e3 Nc6 6. Be2 O-O 7. Nc3 Ngxe5 8.
O-O d6 9. a3 a5 10. Nd5 Be6 11. Bd2 Nxf3+ 12. Bxf3 Ne5 13. b3 c6 14. Nf4 Qg5
15. Be2 Bf5 16. b4 axb4 17. axb4 Bb6 18. Bc3 Bc7 19. Qd2 Ng6 20. Nxg6 Qxg6 21.
g3 h5 22. Qd4 Bg4 23. Bd3 Qh6 24. Kg2 b6 25. Qe4 d5 26. cxd5 cxd5 27. Qxd5 Rad8
28. Qc4 Rc8 29. Qb5 Qe6 30. Rfc1 Bh3+ 31. Kg1 Qg4 32. Bf1 Bxf1 33. Qxf1 Bd6 34.
Rab1 h4 35. Qg2 Rc4 36. Bd4 Rfc8 37. Rxc4 Rxc4 38. gxh4 Qxg2+ 39. Kxg2 Rxb4 40.
Rxb4 Bxb4 41. Bxb6 f5 42. Bc7 Kf7 43. Kf3 Kg6 44. Bd8 Kh5 45. h3 g6 46. Bg5 Bd6
47. Ke2 Be5 48. Kd3 Bh2 49. f3 Bg3 50. e4 Bxh4 51. Bxh4 Kxh4 52. e5 Kg5 53. h4+
Kh6 54. Ke2 Kg7 1-0

[Event "Frankfurt Ch 2007"]
[Site "Ffm-Kalbach, LAZ"]
[Date "2007.04.30"]
[Round "1.32"]
[White "Budde, Michael"]
[Black "Graebner, Walter"]
[Result "1/2-1/2"]
[WhiteElo "1598"]
[BlackElo "2049"]
[PlyCount "98"]
[EventDate "2007.??.??"]

1. c4 Nf6 2. d4 c5 3. Nf3 e6 4. d5 exd5 5. cxd5 d6 6. Nc3 g6 7. Bg5 Bg7 8. e4
O-O 9. Bd3 Re8 10. O-O Bg4 11. h3 Bxf3 12. Qxf3 Nbd7 13. Bb5 Re7 14. Qf4 a6 15.
Bxd7 Rxd7 16. Rfe1 Nh5 17. Qd2 Bf6 18. h4 Qc7 19. Bxf6 Nxf6 20. Qg5 Kg7 21.
Rad1 b5 22. e5 dxe5 23. Qxe5 Qxe5 24. Rxe5 Rad8 25. a3 Rd6 26. b4 cxb4 27. axb4
Rc8 28. Ne4 Nxe4 29. Rxe4 Rc2 30. g4 f5 31. Re7+ Kf6 32. Rxh7 Rc4 33. g5+ Ke5
34. Re7+ Kf4 35. Re6 Rxe6 36. dxe6 Re4 37. Rd6 Kg4 38. e7 Rxe7 39. Rxg6 Kxh4
40. f4 Kg4 41. Rxa6 Kxf4 42. g6 Rg7 43. Kf2 Kg5 44. Rb6 Rxg6 45. Rxb5 Kf4 46.
Rb8 Ra6 47. b5 Ra2+ 48. Ke1 Ke5 49. Re8+ Kd6 1/2-1/2

[Event "Frankfurt Ch 2007"]
[Site "Ffm-Kalbach, LAZ"]
[Date "2007.04.30"]
[Round "1.33"]
[White "Noble, Alexander"]
[Black "Winter, Olaf"]
[Result "1-0"]
[WhiteElo "2105"]
[BlackElo "1571"]
[PlyCount "25"]
[EventDate "2007.??.??"]

1. e4 c5 2. Nc3 g6 3. f4 e6 4. Nf3 a6 5. a4 Bg7 6. Bc4 Ne7 7. f5 d5 8. fxe6
fxe6 9. O-O O-O 10. Be2 d4 11. Nb1 e5 12. Bc4+ Kh8 13. Ng5 1-0

[Event "Frankfurt Ch 2007"]
[Site "Ffm-Kalbach, LAZ"]
[Date "2007.04.30"]
[Round "1.34"]
[White "Müllergroß, Christian"]
[Black "Zuyev, Igor"]
[Result "0-1"]
[WhiteElo "1559"]
[BlackElo "2172"]
[PlyCount "54"]
[EventDate "2007.??.??"]

1. Nf3 c5 2. g3 g6 3. Bg2 Nc6 4. d3 Bg7 5. e4 Nf6 6. O-O O-O 7. Nc3 d5 8. exd5
Nxd5 9. Nxd5 Qxd5 10. Nh4 Qd6 11. f4 Bf6 12. Nf3 Bg4 13. h3 Bf5 14. g4 Be6 15.
Ng5 Bxg5 16. fxg5 Qd4+ 17. Kh1 Rad8 18. Rf4 Qd7 19. Be3 c4 20. d4 Bd5 21. Qg1
Nb4 22. Qf2 Qc6 23. Bxd5 Nxd5 24. Rf3 Nxe3 25. Qxe3 Rxd4 26. Qxd4 Qxf3+ 27. Kh2
Qe2+ 0-1

[Event "Frankfurt Ch 2007"]
[Site "Ffm-Kalbach, LAZ"]
[Date "2007.04.30"]
[Round "1.35"]
[White "Hoti, Safet"]
[Black "Schellen, Sven"]
[Result "1-0"]
[WhiteElo "1952"]
[BlackElo "1534"]
[PlyCount "28"]
[EventDate "2007.??.??"]

1. d4 d5 2. c4 dxc4 3. Nc3 e6 4. e4 c5 5. Nf3 Nc6 6. Be3 cxd4 7. Nxd4 Ne5 8. f4
Nd3+ 9. Bxd3 cxd3 10. Qxd3 Nf6 11. Qb5+ Qd7 12. Rd1 a6 13. Qb6 Qd6 14. Nc6 Nd7
1-0

[Event "Frankfurt Ch 2007"]
[Site "Ffm-Kalbach, LAZ"]
[Date "2007.04.30"]
[Round "1.36"]
[White "Kletzerman, Simon"]
[Black "Müller, Pascal"]
[Result "0-1"]
[WhiteElo "1534"]
[BlackElo "2033"]
[PlyCount "52"]
[EventDate "2007.??.??"]

1. e4 d5 2. exd5 Nf6 3. c4 c6 4. dxc6 Nxc6 5. Nc3 Bf5 6. a3 e5 7. d3 Bc5 8. Na4
Be7 9. Nf3 e4 10. Nh4 Be6 11. dxe4 Qxd1+ 12. Kxd1 Nxe4 13. Be3 Bxh4 14. Bd3
Nxf2+ 15. Bxf2 Bxf2 16. Ke2 Bd4 17. Rab1 Ne5 18. b3 Nxd3 19. Kxd3 Rd8 20. Ke4
O-O 21. h3 Rfe8 22. Kf3 Bf5 23. Rhe1 Bxb1 24. Rxb1 Re3+ 25. Kf4 Rde8 26. Rd1
R8e4+ 0-1

[Event "Frankfurt Ch 2007"]
[Site "Ffm-Kalbach, LAZ"]
[Date "2007.04.30"]
[Round "1.38"]
[White "Vogelgesang, Marc"]
[Black "Bischoff, Ulrich"]
[Result "0-1"]
[WhiteElo "1520"]
[BlackElo "2090"]
[PlyCount "88"]
[EventDate "2007.??.??"]

1. e4 c5 2. Nf3 d6 3. d4 cxd4 4. Nxd4 Nf6 5. Nc3 a6 6. Be2 e5 7. Nb3 Be7 8. a4
O-O 9. O-O Qc7 10. Bg5 Nbd7 11. Qd2 b6 12. Rad1 Bb7 13. Rfe1 Rfe8 14. Bf3 Rac8
15. Nc1 Bf8 16. N1a2 h6 17. Bh4 Qc5 18. Qe3 g5 19. Bg3 g4 20. Qxc5 Nxc5 21. Be2
Ncxe4 22. Bh4 h5 23. Nxe4 Nxe4 24. Bxa6 Bxa6 25. Rxe4 Rxc2 26. Nb4 Rc4 27. Rxc4
Bxc4 28. Nd5 Bxd5 29. Rxd5 Rc8 30. Bg5 Rc4 31. b3 Rb4 32. Rb5 Rxb5 33. axb5 d5
34. Bd8 Bc5 35. b4 Bd4 36. Kf1 Kg7 37. Ke2 e4 38. Ke1 f6 39. Ke2 Kf7 40. Ke1
Ke8 41. Bc7 Kd7 42. Bf4 Bc3+ 43. Bd2 Bxd2+ 44. Kxd2 d4 0-1

[Event "Frankfurt Ch 2007"]
[Site "Ffm-Kalbach, LAZ"]
[Date "2007.04.30"]
[Round "1.39"]
[White "Biegel, Thomas"]
[Black "Popp, Matthias"]
[Result "1-0"]
[WhiteElo "2054"]
[BlackElo "1507"]
[PlyCount "65"]
[EventDate "2007.??.??"]

1. d4 Nf6 2. Nf3 d6 3. g3 Nbd7 4. Bg2 e5 5. c4 c6 6. O-O Be7 7. Nc3 O-O 8. b4
a6 9. a4 e4 10. Ne1 d5 11. cxd5 Bxb4 12. Nxe4 Nxd5 13. Qb3 h6 14. Nd3 Be7 15.
Nec5 Nxc5 16. Nxc5 b6 17. Nd3 Be6 18. Qc2 Rc8 19. e4 Nb4 20. Nxb4 Bxb4 21. Bb2
a5 22. Rac1 Qe7 23. f4 b5 24. f5 Bc4 25. Rf4 f6 26. e5 fxe5 27. dxe5 Bc5+ 28.
Kh1 Be3 29. f6 Qe6 30. Qg6 Rc7 31. Rcxc4 bxc4 32. f7+ Rfxf7 33. Qxe6 1-0

[Event "Frankfurt Ch 2007"]
[Site "Ffm-Kalbach, LAZ"]
[Date "2007.04.30"]
[Round "1.40"]
[White "Frank, Dieter"]
[Black "Penzel, Nils"]
[Result "0-1"]
[WhiteElo "1505"]
[BlackElo "2002"]
[PlyCount "100"]
[EventDate "2007.??.??"]

1. d4 Nf6 2. Nf3 g6 3. c4 Bg7 4. Nc3 O-O 5. e4 d6 6. Be2 e5 7. dxe5 dxe5 8.
Qxd8 Rxd8 9. Bg5 Re8 10. Bxf6 Bxf6 11. Nd5 Bd8 12. h4 Nd7 13. O-O-O Nc5 14. Nd2
c6 15. Ne3 a5 16. Kc2 Ne6 17. Nf3 Nf4 18. Bf1 Bb6 19. g3 Bxe3 20. gxf4 Bxf4 21.
Bh3 Bxh3 22. Rxh3 Red8 23. Rg1 b5 24. h5 Rd7 25. hxg6 fxg6 26. Rd1 Rxd1 27.
Kxd1 Rd8+ 28. Kc2 h5 29. b3 Kf7 30. Rh1 Kg7 31. Rd1 Rxd1 32. Kxd1 g5 33. Ke2
bxc4 34. bxc4 Kf7 35. Ne1 g4 36. Nd3 h4 37. Kf1 Kf6 38. a4 h3 39. Kg1 Kg5 40.
Kh1 g3 41. fxg3 Bxg3 42. Kg1 Kg4 43. Nc5 Kf3 44. Nb7 Be1 45. Kh2 Kxe4 46. Kxh3
Kd4 47. c5 e4 48. Kg2 Kd3 49. Nd8 e3 50. Nxc6 Bc3 0-1

[Event "Frankfurt Ch 2007"]
[Site "Ffm-Kalbach, LAZ"]
[Date "2007.04.30"]
[Round "1.41"]
[White "Fernandez-Egea, Andres"]
[Black "Sallwey, Rainer"]
[Result "1-0"]
[WhiteElo "2043"]
[BlackElo "1498"]
[PlyCount "69"]
[EventDate "2007.??.??"]

1. d4 Nf6 2. c4 e6 3. Nc3 d5 4. e3 Be7 5. Nf3 O-O 6. Bd3 b6 7. O-O Ba6 8. b3
Nbd7 9. Re1 c5 10. cxd5 Bxd3 11. dxe6 Bg6 12. exd7 Bh5 13. d5 Qxd7 14. e4 Rad8
15. Qd3 Bxf3 16. Qxf3 Qb7 17. Bb2 Rd7 18. Rad1 Rfd8 19. Ne2 Ne8 20. Ng3 Bf8 21.
Nf5 g6 22. Ne3 Bg7 23. Bxg7 Nxg7 24. Ng4 Ne8 25. Ne5 Rd6 26. Nc6 Rc8 27. e5 Rd7
28. e6 fxe6 29. dxe6 Rxd1 30. Rxd1 Qg7 31. h3 Nf6 32. e7 Re8 33. Rd6 Nh5 34. g4
Qa1+ 35. Kg2 1-0

[Event "Frankfurt Ch 2007"]
[Site "Ffm-Kalbach, LAZ"]
[Date "2007.04.30"]
[Round "1.42"]
[White "Wenzel, Bernd"]
[Black "Calvi, Stefan"]
[Result "0-1"]
[WhiteElo "1481"]
[BlackElo "1909"]
[PlyCount "40"]
[EventDate "2007.??.??"]

1. f4 d5 2. Nf3 Nf6 3. e3 g6 4. c3 Bg7 5. Be2 O-O 6. O-O c5 7. Ne5 Nbd7 8. d4
Ne4 9. Nd2 Ndf6 10. Bf3 Qc7 11. Bxe4 Nxe4 12. Nxe4 dxe4 13. Bd2 b6 14. Rc1 Rd8
15. Qb3 Be6 16. Qc2 f6 17. d5 Rxd5 18. c4 Rdd8 19. Nxg6 hxg6 20. Qxe4 Bf5 0-1

[Event "Frankfurt Ch 2007"]
[Site "Ffm-Kalbach, LAZ"]
[Date "2007.04.30"]
[Round "1.43"]
[White "Göbel, Andreas"]
[Black "Ludwig, Helmut"]
[Result "1-0"]
[WhiteElo "2063"]
[BlackElo "1480"]
[PlyCount "47"]
[EventDate "2007.??.??"]

1. c4 Nf6 2. Nc3 c5 3. g3 e6 4. Bg2 d5 5. cxd5 exd5 6. d4 cxd4 7. Qxd4 Nc6 8.
Qa4 Be6 9. Bg5 Be7 10. e3 Qa5 11. Qxa5 Nxa5 12. O-O-O Rc8 13. Bxf6 Bxf6 14.
Nge2 b5 15. Kb1 O-O 16. Nxd5 Be5 17. Ne7+ Kh8 18. Nxc8 Rxc8 19. Bd5 Nc4 20.
Bxe6 fxe6 21. Nd4 b4 22. Rc1 a5 23. Rhd1 a4 24. Nc6 1-0

[Event "Frankfurt Ch 2007"]
[Site "Ffm-Kalbach, LAZ"]
[Date "2007.04.30"]
[Round "1.44"]
[White "Knott, Tilo"]
[Black "Hierling, Stefan"]
[Result "1/2-1/2"]
[WhiteElo "1480"]
[BlackElo "1891"]
[PlyCount "79"]
[EventDate "2007.??.??"]

1. d4 d5 2. Nc3 Bf5 3. Nf3 h6 4. Bf4 c6 5. e3 Nf6 6. Bd3 Bxd3 7. Qxd3 Nbd7 8.
O-O e6 9. Rfe1 Bb4 10. Re2 Bxc3 11. Qxc3 Ne4 12. Qe1 O-O 13. Ne5 Nxe5 14. Bxe5
f6 15. Bg3 Re8 16. f3 Ng5 17. Bf4 Nf7 18. e4 e5 19. dxe5 fxe5 20. Bg3 Qf6 21.
Rd1 d4 22. c3 c5 23. cxd4 cxd4 24. Qf2 g5 25. h4 Rac8 26. hxg5 hxg5 27. Rc2 Rc6
28. Rdc1 Rec8 29. Qd2 Qe6 30. b3 R8c7 31. Rxc6 Rxc6 32. Rxc6 Qxc6 33. Bxe5 Nxe5
34. Qxg5+ Ng6 35. Qd8+ Kf7 36. Qxd4 b6 37. g3 Qc1+ 38. Kh2 Qc2+ 39. Kh3 Qc8+
40. Kg2 1/2-1/2

[Event "Frankfurt Ch 2007"]
[Site "Ffm-Kalbach, LAZ"]
[Date "2007.04.30"]
[Round "1.45"]
[White "Cors, Heinz-Friedrich"]
[Black "Bachmann, Björn"]
[Result "1/2-1/2"]
[WhiteElo "2008"]
[BlackElo "1463"]
[PlyCount "66"]
[EventDate "2007.??.??"]

1. e4 d6 2. d4 Nf6 3. Nc3 g6 4. f4 Bg7 5. Nf3 O-O 6. e5 dxe5 7. fxe5 Nfd7 8.
Ne4 c5 9. c3 Nc6 10. Bd3 cxd4 11. cxd4 Nb6 12. Be3 Nd5 13. Bd2 Qb6 14. Bc3 Bg4
15. Nc5 Nxc3 16. bxc3 Nxe5 17. O-O Bxf3 18. gxf3 Nxd3 19. Qxd3 Rfd8 20. Qe4 Qb2
21. Nxb7 Qxc3 22. Nxd8 Qxd4+ 23. Qxd4 Bxd4+ 24. Kg2 Bxa1 25. Nxf7 Bf6 26. Nh6+
Kf8 27. Ng4 Rd8 28. Nxf6 Rd2+ 29. Kg3 exf6 30. Ra1 h5 31. h4 g5 32. Rh1 gxh4+
33. Rxh4 Rxa2 1/2-1/2

[Event "Frankfurt Ch 2007"]
[Site "Ffm-Kalbach, LAZ"]
[Date "2007.04.30"]
[Round "1.46"]
[White "Lewien, Frank"]
[Black "Matzies, Alexander"]
[Result "0-1"]
[WhiteElo "1435"]
[BlackElo "1995"]
[PlyCount "80"]
[EventDate "2007.??.??"]

1. d4 Nf6 2. Nf3 g6 3. Nbd2 Bg7 4. e4 d6 5. Bd3 O-O 6. O-O Nbd7 7. Re1 c5 8. c3
a6 9. a4 e5 10. d5 Ne8 11. Nf1 f5 12. Ng5 Ndf6 13. exf5 gxf5 14. Ne6 Bxe6 15.
dxe6 e4 16. Bc4 d5 17. e7 Qxe7 18. Bxd5+ Kh8 19. Qb3 Nxd5 20. Qxd5 Rd8 21. Qb3
Be5 22. Bh6 Rg8 23. Rad1 Nd6 24. c4 f4 25. Rd5 Rg6 26. Qh3 Qf6 27. Qh5 Re8 28.
Bf8 Nxc4 29. Bxc5 Bxb2 30. Rd7 h6 31. Rb1 Reg8 32. g3 Rg5 33. Qh3 Rxc5 34. Rxb7
Bd4 35. Qd7 Qg7 36. Qh3 Qg6 37. Qd7 Bg7 38. Rc1 Qc6 39. Qf7 Nd6 40. Rxc5 Qxc5
0-1

[Event "Frankfurt Ch 2007"]
[Site "Ffm-Kalbach, LAZ"]
[Date "2007.04.30"]
[Round "1.47"]
[White "Kohlbruch, Jens"]
[Black "Adair, Monte"]
[Result "1-0"]
[WhiteElo "1880"]
[BlackElo "1412"]
[PlyCount "67"]
[EventDate "2007.??.??"]

1. c4 e5 2. Nc3 Nf6 3. g3 Bc5 4. e3 O-O 5. Bg2 c6 6. Nge2 Re8 7. O-O Be7 8. b3
d6 9. Qc2 Nbd7 10. Bb2 Nf8 11. Rad1 Bg4 12. h3 Bh5 13. d4 Bg6 14. Qc1 Qc8 15.
Rd2 N8d7 16. d5 c5 17. f4 Nf8 18. Kh2 h6 19. Nd1 Ne4 20. Bxe4 Bxe4 21. fxe5
dxe5 22. Bxe5 Ng6 23. Bf4 Nxf4 24. Nxf4 Bd6 25. Nf2 Bh7 26. Re2 Qc7 27. e4 g5
28. Nh5 Be5 29. Ng4 Kh8 30. Nxe5 Rxe5 31. Qc3 Rf8 32. Rd2 Qd6 33. Rf6 Qe7 34.
d6 1-0

[Event "Frankfurt Ch 2007"]
[Site "Ffm-Kalbach, LAZ"]
[Date "2007.04.30"]
[Round "1.48"]
[White "Bauer, Alfred"]
[Black "Goldt, Rainer"]
[Result "0-1"]
[WhiteElo "1410"]
[BlackElo "1876"]
[PlyCount "68"]
[EventDate "2007.??.??"]

1. e4 Nf6 2. Nc3 d5 3. exd5 Nxd5 4. Nf3 Bg4 5. d3 e6 6. Be2 Bd6 7. Bg5 f6 8.
Bh4 Bb4 9. Qd2 c5 10. O-O Qa5 11. a3 Bxc3 12. bxc3 Qxc3 13. Rfe1 Nc6 14. Rab1
Nd4 15. Qxc3 Nxe2+ 16. Rxe2 Nxc3 17. Ree1 Nxb1 18. Rxb1 Bxf3 19. gxf3 b6 20.
Re1 Kf7 21. Kf1 g5 22. Bg3 e5 23. Ke2 Rad8 24. Kd2 c4 25. Kc3 cxd3 26. cxd3
Rc8+ 27. Kb3 Rhd8 28. Rd1 Rd4 29. Kb2 b5 30. Kb3 a5 31. Kb2 b4 32. axb4 axb4
33. Ka2 b3+ 34. Kxb3 Rd7 0-1

[Event "Frankfurt Ch 2007"]
[Site "Ffm-Kalbach, LAZ"]
[Date "2007.04.30"]
[Round "1.49"]
[White "Rasche, Hannes"]
[Black "Scheerer, Michael"]
[Result "1-0"]
[WhiteElo "2009"]
[BlackElo "1398"]
[PlyCount "35"]
[EventDate "2007.??.??"]

1. d4 Nf6 2. c4 g6 3. Nc3 Bg7 4. e4 d6 5. Be2 O-O 6. Be3 e5 7. d5 Nbd7 8. b4 b6
9. h4 h5 10. Nh3 Nh7 11. Ng5 Ndf6 12. f3 Bh6 13. Nxf7 Rxf7 14. Bxh6 Bd7 15. Rc1
c5 16. dxc6 Bxc6 17. b5 Bb7 18. c5 1-0

[Event "Frankfurt Ch 2007"]
[Site "Ffm-Kalbach, LAZ"]
[Date "2007.04.30"]
[Round "1.50"]
[White "Krüger, Jens"]
[Black "Hausmann, Hans-Ulrich"]
[Result "0-1"]
[WhiteElo "1390"]
[BlackElo "1966"]
[PlyCount "52"]
[EventDate "2007.??.??"]

1. e4 c5 2. Nf3 g6 3. c3 Bg7 4. d4 cxd4 5. cxd4 d6 6. Nc3 Nc6 7. Bc4 Nf6 8. O-O
O-O 9. h3 Nxe4 10. Bxf7+ Rxf7 11. Nxe4 d5 12. Nc3 e5 13. dxe5 d4 14. Nb5 Nxe5
15. Nbxd4 Nxf3+ 16. Nxf3 Qxd1 17. Rxd1 Bxh3 18. Ng5 Bg4 19. f3 Rd7 20. Re1 Bf5
21. Ne6 Re8 22. Nxg7 Rxe1+ 23. Kf2 Rdd1 24. Nxf5 gxf5 25. Bd2 Rf1+ 26. Ke2 Rxa1
0-1

[Event "Frankfurt Ch 2007"]
[Site "Ffm-Kalbach, LAZ"]
[Date "2007.04.30"]
[Round "1.51"]
[White "Krüger, Till"]
[Black "Wich, Manuela"]
[Result "1-0"]
[WhiteElo "2048"]
[BlackElo "1378"]
[PlyCount "43"]
[EventDate "2007.??.??"]

1. e4 c5 2. Nf3 Nc6 3. c3 e6 4. d4 cxd4 5. cxd4 d5 6. e5 Bb4+ 7. Nc3 Nge7 8.
Bd3 Bd7 9. O-O Bxc3 10. bxc3 Ng6 11. Bg5 Qa5 12. Qb3 Qb6 13. Qa3 Qc7 14. Nh4
Nge7 15. Nf3 h6 16. Bd2 Rc8 17. Rab1 O-O 18. Qc1 Na5 19. Bxh6 Nf5 20. Bxf5 exf5
21. Qg5 g6 22. Qf6 1-0

[Event "Frankfurt Ch 2007"]
[Site "Ffm-Kalbach, LAZ"]
[Date "2007.04.30"]
[Round "1.52"]
[White "Plötz, Hans-Jürgen"]
[Black "Larem, Peter"]
[Result "0-1"]
[WhiteElo "1358"]
[BlackElo "1962"]
[PlyCount "44"]
[EventDate "2007.??.??"]

1. d4 Nf6 2. Nf3 g6 3. Bf4 Bg7 4. e3 O-O 5. c4 c5 6. Nc3 cxd4 7. Nxd4 d6 8. Nf3
Nbd7 9. Rc1 Nc5 10. b4 Nce4 11. Nd2 Nxc3 12. Rxc3 Bf5 13. Rb3 Rc8 14. Be2 b5
15. O-O bxc4 16. Nxc4 d5 17. Bd3 dxc4 18. Bxf5 gxf5 19. Rb1 Ne4 20. Qxd8 Rfxd8
21. Rfd1 Nc3 22. Rxd8+ Rxd8 0-1

[Event "Frankfurt Ch 2007"]
[Site "Ffm-Kalbach, LAZ"]
[Date "2007.04.30"]
[Round "1.53"]
[White "Ruebsamen, Dietmar"]
[Black "Grohmüller, Robert"]
[Result "1-0"]
[WhiteElo "1842"]
[BlackElo "1346"]
[PlyCount "41"]
[EventDate "2007.??.??"]

1. Nf3 Nf6 2. g3 d5 3. Bg2 c6 4. O-O Bf5 5. d3 e6 6. Nbd2 Nbd7 7. Qe1 Bd6 8. e4
dxe4 9. dxe4 Bg4 10. e5 Bb4 11. exf6 Nxf6 12. c3 Bd6 13. Nc4 Bc7 14. Qd1 Qe7
15. b4 Rd8 16. Qb3 O-O 17. Ne3 Bh5 18. a3 c5 19. bxc5 Qxc5 20. a4 Qc6 21. Nd4
1-0

[Event "Frankfurt Ch 2007"]
[Site "Ffm-Kalbach, LAZ"]
[Date "2007.04.30"]
[Round "1.54"]
[White "Bongardt, Torsten"]
[Black "Koch, Ulrich"]
[Result "0-1"]
[WhiteElo "1340"]
[BlackElo "1839"]
[PlyCount "40"]
[EventDate "2007.??.??"]

1. d4 d5 2. Nf3 Nf6 3. Bf4 e6 4. e3 Bd6 5. Bxd6 Qxd6 6. Bd3 Qb4+ 7. Nbd2 Qxb2
8. O-O O-O 9. Qe2 Nbd7 10. Rfb1 Qa3 11. Rb3 Qd6 12. Rab1 c5 13. dxc5 Nxc5 14.
Rb5 Bd7 15. R5b4 Rac8 16. Bb5 Bxb5 17. Qxb5 b6 18. Kf1 Nce4 19. Qd3 Rc3 20. Qb5
Nxd2+ 0-1

[Event "Frankfurt Ch 2007"]
[Site "Ffm-Kalbach, LAZ"]
[Date "2007.04.30"]
[Round "1.55"]
[White "Fischer, Arthur"]
[Black "Stulken, Dietmar"]
[Result "1-0"]
[WhiteElo "2074"]
[BlackElo "1339"]
[PlyCount "89"]
[EventDate "2007.??.??"]

1. e4 c5 2. c3 d5 3. exd5 Qxd5 4. d4 Nf6 5. Nf3 Bg4 6. Be2 e6 7. O-O Be7 8. h3
Bh5 9. c4 Qd8 10. Qb3 b6 11. Rd1 Qc7 12. d5 Qd6 13. Nc3 a6 14. Bg5 Nbd7 15. Bh4
O-O 16. Re1 Rfe8 17. Bg3 e5 18. Nxe5 Nxe5 19. Bxh5 Nxh5 20. Bxe5 Qd8 21. Rad1
Bd6 22. Bxd6 Qxd6 23. Qa4 Nf6 24. Qc2 Rad8 25. Ne4 Nxe4 26. Rxe4 Rxe4 27. Qxe4
g6 28. Re1 Kf8 29. h4 Rd7 30. h5 Re7 31. Qxe7+ Qxe7 32. Rxe7 Kxe7 33. hxg6 hxg6
34. f3 Kf6 35. Kf2 Ke5 36. Ke3 f5 37. f4+ Kd6 38. Kf3 b5 39. b3 b4 40. Kg3 Ke7
41. Kh4 Kf6 42. g3 a5 43. g4 fxg4 44. Kxg4 Kf7 45. Kg5 1-0

[Event "Frankfurt Ch 2007"]
[Site "Ffm-Kalbach, LAZ"]
[Date "2007.04.30"]
[Round "1.56"]
[White "Breitbach, Stephan"]
[Black "Adair, Robin"]
[Result "0-1"]
[WhiteElo "1334"]
[BlackElo "2009"]
[PlyCount "36"]
[EventDate "2007.??.??"]

1. d4 Nf6 2. c4 e6 3. Nc3 c5 4. e3 cxd4 5. exd4 Bb4 6. Bd2 O-O 7. Bd3 Nc6 8. a3
Be7 9. Nf3 d5 10. c5 a5 11. Bb5 Bd7 12. Bxc6 Bxc6 13. Ne5 Nd7 14. Nxc6 bxc6 15.
b4 axb4 16. axb4 e5 17. Be3 Bf6 18. O-O Rxa1 0-1

[Event "Frankfurt Ch 2007"]
[Site "Ffm-Kalbach, LAZ"]
[Date "2007.04.30"]
[Round "1.57"]
[White "Gutacker, Stephan"]
[Black "Greul, Thomas"]
[Result "1-0"]
[WhiteElo "1980"]
[BlackElo "1302"]
[PlyCount "59"]
[EventDate "2007.??.??"]

1. e4 e5 2. Nf3 Nc6 3. d4 exd4 4. Nxd4 Qh4 5. Nc3 Bb4 6. Qd3 Ne5 7. Qe2 c6 8.
Nf5 Qf6 9. f4 Bxc3+ 10. bxc3 Ng6 11. Qe3 d6 12. Nd4 Nh6 13. Be2 O-O 14. O-O Re8
15. f5 Ne5 16. Qg3 Kh8 17. Bg5 Nf3+ 18. Bxf3 Qe5 19. Qh4 Ng8 20. Rae1 f6 21.
Bf4 Qa5 22. Bh5 Rd8 23. Bg6 h6 24. Rf3 Qc5 25. Kh1 Bd7 26. Bf7 d5 27. e5 Qf8
28. Bxg8 Kxg8 29. e6 Bxe6 30. Nxe6 1-0

[Event "Frankfurt Ch 2007"]
[Site "Ffm-Kalbach, LAZ"]
[Date "2007.04.30"]
[Round "1.58"]
[White "Kirchmann, Gerhard"]
[Black "Djakow, Alexander"]
[Result "0-1"]
[WhiteElo "1276"]
[BlackElo "1813"]
[PlyCount "48"]
[EventDate "2007.??.??"]

1. d4 d5 2. Bf4 Nf6 3. Nf3 e6 4. e3 Nbd7 5. Nbd2 Be7 6. h3 c5 7. c3 O-O 8. Be2
b6 9. O-O Bb7 10. Re1 Rc8 11. a4 Nh5 12. Bh2 f5 13. Ng5 Bxg5 14. Bxh5 Nf6 15.
Be2 Ne4 16. Nf3 Bh6 17. Ne5 Qh4 18. Rf1 Nxf2 19. Rxf2 Bxe3 20. Qf1 cxd4 21. g3
Qe4 22. Nd3 dxc3 23. bxc3 d4 24. Qg2 Qxg2# 0-1

[Event "Frankfurt Ch 2007"]
[Site "Ffm-Kalbach, LAZ"]
[Date "2007.04.30"]
[Round "1.59"]
[White "Tierling, Detlef"]
[Black "Ortiz-Rodriguez, Jose"]
[Result "1-0"]
[WhiteElo "2042"]
[BlackElo "1270"]
[PlyCount "41"]
[EventDate "2007.??.??"]

1. f4 d6 2. Nf3 Nf6 3. b3 c6 4. Bb2 Nbd7 5. e3 Qc7 6. d4 e6 7. Bd3 Be7 8. O-O
O-O 9. Nbd2 b5 10. Qe2 Re8 11. Ng5 g6 12. Ndf3 Nb6 13. Ne5 dxe5 14. fxe5 Nfd5
15. Rxf7 Rf8 16. Raf1 Qd8 17. Rxf8+ Bxf8 18. Nxh7 Kxh7 19. Qh5+ Kg8 20. Qxg6+
Bg7 21. Qh7# 1-0

[Event "Frankfurt Ch 2007"]
[Site "Ffm-Kalbach, LAZ"]
[Date "2007.04.30"]
[Round "1.60"]
[White "Honert, Stefan"]
[Black "Fröhlich-Dill, Astrid"]
[Result "0-1"]
[WhiteElo "1263"]
[BlackElo "1948"]
[PlyCount "72"]
[EventDate "2007.??.??"]

1. d4 Nf6 2. c4 e6 3. Nf3 b6 4. g3 Bb7 5. Bg2 c5 6. e3 cxd4 7. exd4 Bb4+ 8. Bd2
Bxd2+ 9. Nbxd2 O-O 10. O-O d5 11. Ne5 Nc6 12. Nxc6 Bxc6 13. Rc1 Rc8 14. b3 dxc4
15. bxc4 Bxg2 16. Kxg2 Qxd4 17. Qe2 Rfd8 18. Rfd1 Qc5 19. Nb3 Qc6+ 20. f3 h6
21. Rxd8+ Rxd8 22. c5 bxc5 23. Rxc5 Qd6 24. Qf2 Nd5 25. Ra5 a6 26. Qc5 Nc7 27.
Qxd6 Rxd6 28. Kf2 Kf8 29. Ke2 Ke7 30. Ra4 Nb5 31. Kf2 Rc6 32. g4 e5 33. Kg3 g6
34. Re4 Kd6 35. Re2 f5 36. Rd2+ Ke6 0-1

[Event "Frankfurt Ch 2007"]
[Site "Ffm-Kalbach, LAZ"]
[Date "2007.04.30"]
[Round "1.61"]
[White "Ostermeier, Thorsten"]
[Black "Meiser, Nicolas"]
[Result "1/2-1/2"]
[WhiteElo "1923"]
[BlackElo "1214"]
[PlyCount "159"]
[EventDate "2007.??.??"]

1. Nf3 d5 2. d4 e6 3. e3 Nf6 4. Bd3 Bd6 5. Nbd2 c6 6. O-O Nbd7 7. Re1 O-O 8. e4
dxe4 9. Nxe4 Nxe4 10. Rxe4 Re8 11. Rh4 Nf8 12. Ng5 g6 13. Qf3 f5 14. Bf4 Bxf4
15. Qxf4 Qf6 16. Re1 Qg7 17. Nf3 b6 18. Bc4 a5 19. a3 b5 20. Bb3 Ra7 21. Rh3
Rae7 22. Qd6 Rc7 23. c3 Qe7 24. Qf4 Qg7 25. Ne5 g5 26. Qd2 h6 27. Rhe3 Ng6 28.
Nd3 Rce7 29. Nc5 Nf4 30. c4 a4 31. Ba2 Qf6 32. cxb5 cxb5 33. Rg3 Kh7 34. Rge3
h5 35. g3 Nh3+ 36. Kh1 f4 37. gxf4 Nxf4 38. Re5 Bb7+ 39. Nxb7 Rxb7 40. Qe3 Rbe7
41. d5 Kg6 42. dxe6 Kh7 43. Qe4+ Kh8 44. Qf5 Qg7 45. R1e4 Nd3 46. Rxb5 Rf8 47.
Qd5 Nxf2+ 48. Kg2 Nxe4 49. Qxe4 Qf6 50. Qe2 Kg7 51. h4 g4 52. Rxh5 Qf3+ 53.
Qxf3 gxf3+ 54. Kf2 Rb7 55. Bc4 Rxb2+ 56. Kg3 Rg2+ 57. Kh3 Kf6 58. Bd5 Rfg8 59.
Rg5 R8xg5 60. hxg5+ Rxg5 61. Bxf3 Kxe6 62. Bc6 Ra5 63. Kg4 Kd6 64. Be8 Kc5 65.
Kf4 Kd4 66. Bd7 Kc3 67. Ke3 Kb3 68. Kd4 Kxa3 69. Kc3 Rc5+ 70. Kd4 Kb4 71. Bxa4
Rc4+ 72. Kd5 Rh4 73. Be8 Kc3 74. Bf7 Kd3 75. Bg6+ Ke3 76. Bf7 Rd4+ 77. Ke5 Re4+
78. Kd5 Kf4 79. Bg6 Ra4 80. Be8 1/2-1/2